000 00544nam a22001697a 4500
005 20251108170042.0
008 250721s1997 xx 000 0 ara d
082 1 4 _a305.4/سال
100 1 _aالسالم، زغلولة
_eمؤلف
245 1 0 _aصورة المرأة العربية في الدراما المتلفزة 1/1992-12/1994 /
264 1 _aعمان :
_bدار آرام للدراسات والنشر،
_c1997.
300 _a229ص.
650 1 7 _aالمرأة
650 1 7 _aالتلفزيون
942 _2ddc
_cBK
999 _c38455
_d38455